| 000 | 00735nam a2200193 i 4500 | ||
|---|---|---|---|
| 001 | 159557 | ||
| 003 | ES-MaACL | ||
| 005 | 20251203063032.0 | ||
| 008 | 040715s1898 gw af |||| | ger d | ||
| 100 | 1 |
_aMeyer, Alfred Gotthold, _d1864-1904 _9129887 |
|
| 245 | 1 | 0 |
_aCanova / _cvon Alfred Gotthold Meyer ; mit 98 abbildungen nach skulpturen und zeichnungen. |
| 260 |
_aBielefeld and Leipzig : _bVelhagen & Klasing, _c1898. |
||
| 300 |
_a116 p., [1] h. lám. : _bil. ; _c26 cm. |
||
| 490 | 1 |
_aKünstler monographien ; _v36 |
|
| 600 | 1 | 4 |
_aCanova, Antonio, _d1757-1822 _9172439 |
| 830 | 1 |
_aKünstler monographien ; _v36 _9221948 |
|
| 852 |
_aES-MaACL _jC-29825 _z- Donat. José Antonio Llardent |
||
| 999 |
_c159557 _d159557 |
||